Skład Włoch vs Anglia w finale Euro 2020 - Statystyki

Ogólne statystyki
  • Ten quiz został rozwiązany 366 razy
  • Średni wynik to 7 z 11
Statystyki odpowiedzi
Numer Pozycja Zawodnik % Poprawnych
21 Bramkarz Gianluigi Donnarumma
96%
14 Prawy skrzydłowy Federico Chiesa
82%
19 Środkowy obrońca Leonardo Bonucci
80%
3 Środkowy obrońca Giorgio Chiellini
79%
17 Napastnik Ciro Immobile
71%
18 Środkowy pomocnik Nicolò Barella
65%
10 Lewy skrzydłowy Lorenzo Insigne
49%
2 Prawy obrońca Giovanni Di Lorenzo
47%
8 Środkowy pomocnik Jorginho
44%
6 Środkowy pomocnik Marco Verratti
42%
13 Lewy obrońca Emerson Palmieri
21%
Nie znaleziono quizów pasujących do podanych kryteriów
Rozkład punktacji
Procent ludzi z każdym wynikiem
Percentyl według liczby udzielonych odpowiedzi
Twoja historia wyników
Nie rozwiązałeś tego quizu